Mammiferi Marini - Statistics

Statistiche generali
  • Questo quiz è stato fatto 19 volte
  • Il punteggio medio è 10 su 25
Statistiche sulle risposte
Hint Risposta % Corretto
Balenottera azzurra
93%
Pinnipedi Focidi foca
93%
orca
93%
Otaridi leone marino
87%
narvalo
73%
Ursidi (orsi) orso polare
73%
Odobenidi tricheco
73%
capodoglio
60%
elefante marino
53%
Megattera
47%
beluga
40%
dugongo
40%
Odontoceti delfino comune
33%
Mustelidi (lontre) lontra marina
33%
tursiope
33%
Balenottera comune
27%
Sirenidi lamantino
27%
Balena Grigia
20%
Cetacei Misticeti Balena Franca
13%
focena
13%
stenella striata
13%
Balenottera minore
0%
grampo
0%
lontra costiera
0%
zifio
0%
Nessun quiz corrispondente trovato
Distribuzione punteggi
Percentuale di utenti per punteggio
Percentile per numero di risposta
I tuoi punteggi nel tempo
Non hai fatto questo quiz